[Event "Milanowek-ch"]
[Site "Milanowek"]
[Date "2012.07.07"]
[Round "8"]
[White "Tomaszewski, Wieslaw"]
[Black "Kowalik, Pawel"]
[Result "0-1"]
[WhiteElo "1619"]
[BlackElo "1722"]
[PlyCount "64"]
[EventDate "2012.06.30"]
[EventType "swiss"]
[EventRounds "9"]
[EventCountry "POL"]
[SourceTitle "EXT 2014"]
[Source "ChessBase"]
[SourceDate "2013.11.20"]
[SourceVersion "1"]
[SourceVersionDate "2013.11.20"]
[SourceQuality "1"]

1. d4 Nf6 2. Nf3 d5 3. Bf4 Bf5 4. e3 c6 5. c3 e6 6. Bd3 Bxd3 7. Qxd3 Bd6 8. Bg3 Qc7 9. Nbd2 Nbd7 10. b4 Bxg3 11. hxg3 e5 12. dxe5 Nxe5 13. Nxe5 Qxe5 14. Nf3 Qe4 15. Qd2 0-0 16. Rh4 Qf5 17. Nd4 Qe5 18. Kf1 Ne4 19. Qc2 g6 20. Rc1 h5 21. g4 Qf6 22. Nf3 Ng5 23. gxh5 Nxf3 24. Rf4 Qg5 25. Rxf3 Qxh5 26. Rh3 Qe5 27. f4 Qe4 28. Qf2 Kg7 29. Qd2 Rh8 30. Rxh8 Rxh8 31. Qd4+ Qxd4 32. cxd4 Rh1+ 0-1

[Event "Warsaw Najdorf Memorial op-B"]
[Site "Warsaw"]
[Date "2011.07.16"]
[Round "3"]
[White "Pastuszko, Kinga"]
[Black "Kowalik, Pawel"]
[Result "1/2-1/2"]
[WhiteElo "1895"]
[BlackElo "1730"]
[PlyCount "120"]
[EventDate "2011.07.14"]
[EventType "swiss"]
[EventRounds "9"]
[EventCountry "POL"]
[SourceTitle "EXT 2012"]
[Source "ChessBase"]
[SourceDate "2011.11.24"]
[SourceVersion "1"]
[SourceVersionDate "2011.11.24"]
[SourceQuality "1"]

1. e4 e6 2. d4 d5 3. exd5 exd5 4. Nf3 Nf6 5. Bd3 Bd6 6. 0-0 0-0 7. Bg5 Bg4 8. Nbd2 Nbd7 9. c3 c6 10. Qc2 h6 11. Bh4 Qc7 12. Bg3 Rfe8 13. Rfe1 Bxg3 14. hxg3 c5 15. dxc5 Nxc5 16. Nd4 a6 17. N2b3 Nxd3 18. Qxd3 Bh5 19. Qf5 Bg6 20. Qf4 Qb6 21. a4 Re4 22. Rxe4 dxe4 23. a5 Qd8 24. Re1 Rc8 25. Nf5 Bxf5 26. Qxf5 Rc6 27. Nd4 Rd6 28. b4 Qc7 29. Re3 Rd8 30. Qf4 Qxf4 31. gxf4 Nd5 32. Rxe4 Nxc3 33. Re3 Rxd4 34. Rxc3 Rxb4 35. Rc8+ Kh7 36. Rc7 Kg6 37. g3 Rb5 38. Kg2 Rxa5 39. Rxb7 Ra1 40. Ra7 a5 41. Kf3 h5 42. Ke4 f6 43. Kf3 a4 44. Ra5 a3 45. Ke4 a2 46. Kf3 Kf7 47. Ra6 Ke7 48. Kg2 Kd7 49. Ra7+ Kc6 50. Ra6+ Kb5 51. Ra8 Kb4 52. Rb8+ Kc4 53. Ra8 Kb5 54. Rb8+ Ka6 55. Ra8+ Kb7 56. Ra5 Kb6 57. Ra8 Kb5 58. Rb8+ Ka5 59. Ra8+ Kb6 60. Ra4 Kb5 1/2-1/2

[Event "Warsaw YMCA Spring-C 91st"]
[Site "Warsaw"]
[Date "2011.04.27"]
[Round "4"]
[White "Krzyzanowski, Antoni"]
[Black "Kowalik, Pawel"]
[Result "0-1"]
[WhiteElo "1793"]
[BlackElo "1735"]
[PlyCount "108"]
[EventDate "2011.04.06"]
[EventType "tourn"]
[EventRounds "13"]
[EventCountry "POL"]
[SourceTitle "EXT 2019"]
[Source "ChessBase"]
[SourceDate "2018.10.10"]
[SourceVersion "1"]
[SourceVersionDate "2018.10.10"]
[SourceQuality "1"]

1. e4 e5 2. f4 d5 3. exd5 exf4 4. Nf3 Nf6 5. Bc4 Nxd5 6. Bb3 Be7 7. c4 Nf6 8. d4 0-0 9. 0-0 Bg4 10. Bxf4 Nc6 11. d5 Bc5+ 12. Kh1 Nd4 13. Nbd2 Re8 14. h3 Bh5 15. g4 Bg6 16. Ne5 Ne4 17. Nxe4 Bxe4+ 18. Kh2 f6 19. Nd3 Bxd3 20. Qxd3 Re2+ 21. Kh1 Qe7 22. Rab1 Nxb3 23. axb3 Re8 24. Bd2 Qe4+ 25. Qxe4 R8xe4 26. Rbe1 Bd6 27. Bc3 Rh2+ 28. Kg1 Rxe1 29. Rxe1 Rxh3 30. Re8+ Kf7 31. Ra8 Rh4 32. Kf1 Rxg4 33. Rxa7 b6 34. Ra8 h5 35. Rh8 h4 36. Kf2 g5 37. Rh6 Rf4+ 38. Kg2 Kg7 39. Rh5 Kg6 40. Rh8 Kf5 41. Rh6 Be5 42. Rh7 Kg6 43. Rh8 Bd6 44. Rg8+ Kh5 45. Rh8+ Kg4 46. Rh6 f5 47. Bf6 Re4 48. Rg6 h3+ 49. Kf2 Bf4 50. Bd8 Rd4 51. Rg7 h2 52. Rh7 Rd1 53. Kg2 Rg1+ 54. Kf2 h1Q 0-1

[Event "Polanica Zdroj op-B 46th"]
[Site "Polanica Zdroj"]
[Date "2010.08.21"]
[Round "4"]
[White "Kowalik, Pawel"]
[Black "Laszewicz, Magdalena"]
[Result "1-0"]
[WhiteElo "1807"]
[BlackElo "1623"]
[PlyCount "33"]
[EventDate "2010.08.18"]
[EventType "swiss"]
[EventRounds "9"]
[EventCountry "POL"]
[SourceTitle "CBM 138 Extra"]
[Source "ChessBase"]
[SourceDate "2010.10.29"]
[SourceVersion "1"]
[SourceVersionDate "2010.10.29"]
[SourceQuality "1"]

1. c4 c5 2. Nf3 b6 3. Nc3 Bb7 4. e4 Nc6 5. d4 cxd4 6. Nxd4 e6 7. Be2 Bb4 8. Ndb5 Bxc3+ 9. Nxc3 Nf6 10. Bg5 h6 11. Bh4 Qc7 12. Nb5 Qb8 13. Bg3 Ne5 14. Nd6+ Ke7 15. Bxe5 Bxe4 16. Nf5+ Bxf5 17. Bxb8 1-0

[Event "Warsaw Najdorf Memorial op-B"]
[Site "Warsaw"]
[Date "2010.07.23"]
[Round "8"]
[White "Suliborski, Artur"]
[Black "Kowalik, Pawel"]
[Result "1/2-1/2"]
[WhiteElo "1728"]
[BlackElo "1807"]
[PlyCount "101"]
[EventDate "2010.07.17"]
[EventType "swiss"]
[EventRounds "9"]
[EventCountry "POL"]
[SourceTitle "CBM 137 Extra"]
[Source "ChessBase"]
[SourceDate "2010.09.01"]
[SourceVersion "1"]
[SourceVersionDate "2010.09.01"]
[SourceQuality "1"]

1. e4 e5 2. Nf3 Nc6 3. Bb5 g6 4. d3 d6 5. Nc3 Bd7 6. Be3 Bg7 7. 0-0 Nge7 8. d4 Nxd4 9. Bxd7+ Qxd7 10. Nxd4 exd4 11. Bxd4 0-0 12. Bxg7 Kxg7 13. Qd4+ Kg8 14. Rad1 Nc6 15. Qd5 Qe6 16. a3 Rac8 17. f4 Qxd5 18. exd5 Ne7 19. Rfe1 Rfe8 20. g4 f5 21. g5 a6 22. Re6 Kf7 23. Rde1 Ng8 24. Kf2 Rxe6 25. dxe6+ Kf8 26. Nd5 c6 27. Nf6 h5 28. Nd7+ Ke7 29. Re3 d5 30. Nc5 Rc7 31. Rb3 Kd6 32. Nxb7+ Kxe6 33. Re3+ Kf7 34. Nd6+ Kf8 35. Re8+ Kg7 36. Ra8 Rd7 37. Ne8+ Kf7 38. Nf6 Nxf6 39. gxf6 Rb7 40. Rxa6 Rxb2 41. Rxc6 Ra2 42. Kg3 Ra1 43. h3 Rxa3+ 44. Kh4 Ra1 45. Kg5 Rg1+ 46. Kh4 Rg2 47. c3 Rg1 48. Rd6 Rc1 49. Kg5 Rg1+ 50. Kh4 Rc1 51. Kg5 1/2-1/2

[Event "Milanowek-ch"]
[Site "Milanowek"]
[Date "2010.07.01"]
[Round "6"]
[White "Rozycki, Dariusz"]
[Black "Kowalik, Pawel"]
[Result "1-0"]
[WhiteElo "1505"]
[BlackElo "1791"]
[PlyCount "41"]
[EventDate "2010.06.26"]
[EventType "swiss"]
[EventRounds "9"]
[EventCountry "POL"]
[SourceTitle "EXT 2011"]
[Source "ChessBase"]
[SourceDate "2010.11.26"]
[SourceVersion "1"]
[SourceVersionDate "2010.11.26"]
[SourceQuality "1"]

1. e4 e5 2. Nf3 Nc6 3. Bc4 Bc5 4. 0-0 Nf6 5. d4 Bxd4 6. Nxd4 Nxd4 7. f4 Qe7 8. fxe5 Qxe5 9. Bf4 Qc5 10. Bxf7+ Kxf7 11. Be3 Qxc2 12. Qxd4 d6 13. Na3 Qc6 14. Rac1 Qb6 15. Qc4+ Be6 16. Qxc7+ Qxc7 17. Rxc7+ Kg6 18. Bd4 Bxa2 19. Nb5 Nxe4 20. Rxg7+ Kh6 21. Rf4 1-0

[Event "Milanowek-ch"]
[Site "Milanowek"]
[Date "2010.06.30"]
[Round "5"]
[White "Kowalik, Pawel"]
[Black "Herman, Monika"]
[Result "0-1"]
[WhiteElo "1791"]
[BlackElo "1665"]
[PlyCount "80"]
[EventDate "2010.06.26"]
[EventType "swiss"]
[EventRounds "9"]
[EventCountry "POL"]
[SourceTitle "EXT 2011"]
[Source "ChessBase"]
[SourceDate "2010.11.26"]
[SourceVersion "1"]
[SourceVersionDate "2010.11.26"]
[SourceQuality "1"]

1. d4 d5 2. Nf3 Nf6 3. Bg5 h6 4. Bh4 e6 5. e3 Be7 6. Bd3 c6 7. c4 Qa5+ 8. Nfd2 Nbd7 9. Nc3 Bb4 10. Qc1 Bxc3 11. Qxc3 Qxc3 12. bxc3 0-0 13. 0-0 Re8 14. cxd5 exd5 15. c4 dxc4 16. Nxc4 g5 17. Bg3 Ne4 18. Nd6 Nxg3 19. Nxe8 Nxf1 20. Kxf1 Kf8 21. Nd6 Nb6 22. a4 Ke7 23. Nxc8+ Rxc8 24. Rb1 Rc7 25. a5 Nd7 26. Bf5 Kd6 27. Bxd7 Rxd7 28. Rc1 b6 29. axb6 axb6 30. Ke2 Ra7 31. Kd3 Ra2 32. Rc2 Rxc2 33. Kxc2 c5 34. Kd3 b5 35. dxc5+ Kxc5 36. e4 Kb4 37. h3 Kb3 38. g3 b4 39. f4 gxf4 40. gxf4 Ka2 0-1

[Event "Milanowek-ch"]
[Site "Milanowek"]
[Date "2010.06.27"]
[Round "2"]
[White "Rozycki, Bartlomiej"]
[Black "Kowalik, Pawel"]
[Result "1-0"]
[WhiteElo "1740"]
[BlackElo "1791"]
[PlyCount "115"]
[EventDate "2010.06.26"]
[EventType "swiss"]
[EventRounds "9"]
[EventCountry "POL"]
[SourceTitle "EXT 2011"]
[Source "ChessBase"]
[SourceDate "2010.11.26"]
[SourceVersion "1"]
[SourceVersionDate "2010.11.26"]
[SourceQuality "1"]

1. e4 d6 2. d4 e5 3. dxe5 dxe5 4. Qxd8+ Kxd8 5. Bc4 f6 6. Be3 Bb4+ 7. c3 Bd6 8. Nd2 Nh6 9. f3 Ke7 10. Bxh6 gxh6 11. g4 Nd7 12. Ne2 Nf8 13. Ng3 Ng6 14. h4 Bc5 15. Nf5+ Bxf5 16. exf5 Nf4 17. h5 a6 18. 0-0-0 b5 19. Bf1 Be3 20. Kc2 Bxd2 21. Rxd2 Rad8 22. Rhh2 Rxd2+ 23. Rxd2 Rd8 24. Rxd8 Kxd8 25. Kb3 c6 26. Kb4 Kc7 27. Ka5 Kb7 28. c4 Ka7 29. b4 Kb7 30. a4 bxa4 31. Kxa4 c5 32. bxc5 Kc6 33. Kb4 a5+ 34. Kxa5 Kxc5 35. Ka4 Kb6 36. Kb4 Kc6 37. Ka5 Kc5 38. Ka6 Kc6 39. Ka5 Kc5 40. Ka4 Kb6 41. Kb4 Kc6 42. Kb3 Kd6 43. Kc2 Kc6 44. Kd2 Kc5 45. Kc3 Kb6 46. Bd3 Kc5 47. Be4 Ne2+ 48. Kc2 Nd4+ 49. Kd3 Kb4 50. Bd5 Kc5 51. Ke4 Nb3 52. Kd3 Nd4 53. Be4 Nb3 54. Ba8 Nc1+ 55. Kc2 Ne2 56. Bd5 Nd4+ 57. Kd3 Kb4 58. f4 1-0

[Event "Warsaw-ch opA 62nd"]
[Site "Warsaw"]
[Date "2009.09.03"]
[Round "3"]
[White "Kowalik, Pawel"]
[Black "Kozera, Aleksandra"]
[Result "0-1"]
[WhiteElo "1857"]
[BlackElo "1788"]
[PlyCount "84"]
[EventDate "2009.08.31"]
[EventType "swiss"]
[EventRounds "9"]
[EventCountry "POL"]
[SourceTitle "CBM 132 Extra"]
[Source "ChessBase"]
[SourceDate "2009.11.03"]
[SourceVersion "1"]
[SourceVersionDate "2009.11.03"]
[SourceQuality "1"]

1. c4 Nf6 2. Nc3 g6 3. d4 Bg7 4. e4 d6 5. Nf3 0-0 6. Be2 e5 7. 0-0 Nc6 8. d5 Ne7 9. Ne1 Ne8 10. Be3 f5 11. f3 f4 12. Bf2 g5 13. Nd3 h5 14. b4 Ng6 15. c5 Nf6 16. h3 Rf7 17. b5 Bf8 18. c6 b6 19. a4 g4 20. hxg4 hxg4 21. fxg4 Rg7 22. Be1 Nh8 23. Bh4 Be7 24. Nf2 Qe8 25. Bf3 Nxg4 26. Bxg4 Bxh4 27. Bxc8 Rxc8 28. Ra2 Kh7 29. Nh3 Qg6 30. Rf3 Rcg8 31. Kf1 Nf7 32. Qd3 Nh6 33. Nd1 Kh8 34. Ng1 Bg3 35. Qc2 Ng4 36. Rb3 Qh5 37. Nh3 Nh2+ 38. Kg1 f3 39. Ne3 fxg2 40. Nf5 Qxh3 41. Nxg7 Nf3+ 42. Rxf3 Qh1# 0-1

[Event "Milanowek op"]
[Site "Milanowek"]
[Date "2009.06.28"]
[Round "9"]
[White "Kowalik, Pawel"]
[Black "Tulwin, Michal"]
[Result "0-1"]
[WhiteElo "1846"]
[BlackElo "1808"]
[PlyCount "92"]
[EventDate "2009.06.20"]
[EventType "swiss"]
[EventRounds "9"]
[EventCountry "POL"]
[SourceTitle "CBM 131 Extra"]
[Source "ChessBase"]
[SourceDate "2009.09.03"]
[SourceVersion "2"]
[SourceVersionDate "2009.09.16"]
[SourceQuality "1"]

1. d4 f5 2. e4 fxe4 3. Nc3 Nf6 4. Bg5 g6 5. Bxf6 exf6 6. Nxe4 Bg7 7. Qd2 d5 8. Ng3 0-0 9. 0-0-0 Be6 10. Bd3 Nd7 11. Qe3 Re8 12. f3 f5 13. f4 c5 14. c3 cxd4 15. cxd4 Qb6 16. Nf3 Nc5 17. Ne5 Na4 18. Rd2 Rac8+ 19. Kb1 Bf8 20. Rc1 Bb4 21. Rdc2 Bc3 22. Qe2 Bxd4 23. Bb5 Nxb2 24. Rxb2 Rxc1+ 25. Kxc1 Bxb2+ 26. Qxb2 Rc8+ 27. Kd2 Qf2+ 28. Ne2 Qxg2 29. Bd7 Bxd7 30. Qxb7 Rc2+ 31. Kxc2 Qxe2+ 32. Kc3 Qe3+ 33. Kb2 Qd4+ 34. Kb1 Qg1+ 35. Kb2 Qxh2+ 36. Kb1 Qg1+ 37. Kb2 Qf2+ 38. Kb1 Qe1+ 39. Kb2 Qf2+ 40. Kc3 Qe3+ 41. Kb2 Qf2+ 42. Kc3 d4+ 43. Kc4 Be6+ 44. Kd3 Qe3+ 45. Kc2 Qe4+ 46. Qxe4 fxe4 0-1

[Event "Milanowek op"]
[Site "Milanowek"]
[Date "2009.06.21"]
[Round "2"]
[White "Kowalik, Pawel"]
[Black "Alvarado, Carlos"]
[Result "0-1"]
[WhiteElo "1846"]
[BlackElo "2184"]
[PlyCount "92"]
[EventDate "2009.06.20"]
[EventType "swiss"]
[EventRounds "9"]
[EventCountry "POL"]
[SourceTitle "CBM 131 Extra"]
[Source "ChessBase"]
[SourceDate "2009.09.03"]
[SourceVersion "2"]
[SourceVersionDate "2009.09.16"]
[SourceQuality "1"]

1. c4 e6 2. d4 d5 3. Nc3 Nf6 4. cxd5 exd5 5. Bg5 Bb4 6. e3 c5 7. Rc1 Nbd7 8. Bd3 Qa5 9. Bxf6 Nxf6 10. Qd2 c4 11. Bb1 0-0 12. a3 Bd6 13. Nge2 Bd7 14. Ne4 Qxd2+ 15. Nxd2 Rfe8 16. 0-0 b5 17. Nc3 a5 18. e4 Bf4 19. Rcd1 b4 20. axb4 axb4 21. Nxd5 Nxd5 22. exd5 Ba4 23. b3 Bxd2 24. Rxd2 c3 25. Rd3 Bb5 26. g3 Bxd3 27. Bxd3 Ra2 28. Rc1 Rd2 29. Bc4 Rxd4 30. Kf1 g6 31. Kg2 Kg7 32. h3 Ra8 33. Kf3 Rd2 34. Ke3 Re8+ 35. Kf3 Rd4 36. h4 Re5 37. Rc2 Rd2 38. Rc1 Rf5+ 39. Ke3 Rfxf2 40. d6 Rf6 41. d7 Rxd7 42. Rc2 Rfd6 43. Bb5 Rd2 44. Rc1 Rd1 45. Rc2 R7d2 46. Rxd2 Rxd2 0-1

[Event "Mazowiec-chT"]
[Site "Mazowsze"]
[Date "2009.04.20"]
[Round "8"]
[White "Kowalik, Pawel"]
[Black "Paterek, Michal"]
[Result "0-1"]
[WhiteElo "1857"]
[BlackElo "2302"]
[PlyCount "62"]
[EventDate "2009.01.11"]
[EventType "team-tourn"]
[EventRounds "10"]
[EventCountry "POL"]
[SourceTitle "EXT 2013"]
[Source "ChessBase"]
[SourceDate "2012.11.22"]
[SourceVersion "1"]
[SourceVersionDate "2012.11.22"]
[SourceQuality "1"]

1. d4 c5 2. d5 e5 3. c4 d6 4. Nc3 Be7 5. e4 Bg5 6. Bxg5 Qxg5 7. Qd2 Qe7 8. Bd3 Nf6 9. Nge2 Nh5 10. 0-0-0 Na6 11. f4 Nc7 12. Rhg1 Bg4 13. h3 Bxe2 14. Nxe2 exf4 15. Nxf4 Nxf4 16. Qxf4 0-0 17. Rde1 f6 18. Qh4 Qe5 19. g4 h6 20. Qg3 Rf7 21. Qxe5 fxe5 22. Ref1 Raf8 23. Kd2 Rf2+ 24. Rxf2 Rxf2+ 25. Be2 Rh2 26. Rg3 Ne8 27. a4 Nf6 28. Kd3 Nxe4 29. Kxe4 Rxe2+ 30. Kf5 Kf7 31. Rb3 g6# 0-1

[Event "Mazowiec-chT"]
[Site "Mazowsze"]
[Date "2009.01.11"]
[Round "1"]
[White "Bajkowski, Marcin"]
[Black "Kowalik, Pawel"]
[Result "1/2-1/2"]
[WhiteElo "1877"]
[BlackElo "1857"]
[PlyCount "35"]
[EventDate "2009.01.11"]
[EventType "team-tourn"]
[EventRounds "10"]
[EventCountry "POL"]
[SourceTitle "EXT 2013"]
[Source "ChessBase"]
[SourceDate "2012.11.22"]
[SourceVersion "1"]
[SourceVersionDate "2012.11.22"]
[SourceQuality "1"]

1. d4 Nf6 2. Bg5 d5 3. Bxf6 exf6 4. Nf3 Be7 5. e3 Bf5 6. Bd3 Bxd3 7. Qxd3 0-0 8. Nbd2 Nd7 9. c3 c6 10. 0-0-0 b5 11. g4 b4 12. c4 dxc4 13. Nxc4 Nb6 14. h4 Nxc4 15. Qxc4 Qd5 16. Nd2 Rfd8 17. Qxd5 Rxd5 18. Kc2 1/2-1/2

[Event "Warsaw AIG Life rapid 8th"]
[Site "Warsaw"]
[Date "2008.12.20"]
[Round "1"]
[White "Fedorchuk, Sergey A"]
[Black "Kowalik, Pawel"]
[Result "1-0"]
[WhiteElo "2603"]
[BlackElo "1846"]
[PlyCount "61"]
[EventDate "2008.12.20"]
[EventType "swiss (rapid)"]
[EventRounds "13"]
[EventCountry "POL"]
[SourceTitle "CBM 127 Extra"]
[Source "ChessBase"]
[SourceDate "2009.01.08"]
[SourceVersion "2"]
[SourceVersionDate "2009.01.28"]
[SourceQuality "1"]

1. e4 e5 2. Nf3 Nc6 3. Bb5 a6 4. Ba4 Nf6 5. 0-0 Be7 6. Re1 b5 7. Bb3 d6 8. c3 0-0 9. h3 Nd7 10. d4 Bb7 11. Nbd2 Na5 12. Bc2 c5 13. Nf1 cxd4 14. cxd4 Rc8 15. Ne3 g6 16. a4 Nc4 17. axb5 axb5 18. Nxc4 bxc4 19. Be3 Ra8 20. Qd2 Qc7 21. Qc3 Rfc8 22. Nd2 Nb6 23. Rxa8 Bxa8 24. Ra1 Bf6 25. d5 Bb7 26. Ra7 Ra8 27. Rxa8+ Bxa8 28. b3 Bb7 29. bxc4 Ba6 30. Qa5 Nxd5 31. Qxd5 1-0